Fr. Conceicao Rodrigues College of Engineering

Embedded system design (Record no. 19044)

MARC details
000 -LEADER
fixed length control field 00356nam a2200169Ia 4500
082 ## - DEWEY DECIMAL CLASSIFICATION NUMBER
Classification number 003.3/MAR
Item number MAR
100 ## - MAIN ENTRY--PERSONAL NAME
Personal name Marwedel/Peter
245 ## - TITLE STATEMENT
Title Embedded system design
260 ## - PUBLICATION, DISTRIBUTION, ETC.
Name of publisher, distributor, etc. Springer
Place of publication, distribution, etc. New Delhi
Date of publication, distribution, etc. 2003
366 ## - TRADE AVAILABILITY INFORMATION
Publishers's discount category 20
300 ## - PHYSICAL DESCRIPTION
Extent 241
546 ## - LANGUAGE NOTE
Language note ENGLISH
650 ## - SUBJECT ADDED ENTRY--TOPICAL TERM
Topical term or geographic name entry element Embedded design
654 ## - SUBJECT ADDED ENTRY--FACETED TOPICAL TERMS
Focus term embedded
942 ## - ADDED ENTRY ELEMENTS (KOHA)
Koha item type BOOK
Holdings
Withdrawn status Lost status Damaged status Not for loan Collection Home library Current library Date acquired Source of acquisition Cost, normal purchase price Inventory number Total Checkouts Full call number Barcode Date last seen Date last checked out Cost, replacement price Price effective from Koha item type
        CRC Fr. Agnel's C.Rodrigues College of Engineering Fr. Agnel's C.Rodrigues College of Engineering 17/03/2023 Professional Book house 475.00 566 dt 25/03/2008 1 003.3/MAR MAR 18521 20/04/2024 12/06/2023 495.00   BOOK